|
|
|
|
| LEADER |
00000nab#a22000007a#4500 |
| 001 |
arbauad040770 |
| 003 |
AR-BaUAD |
| 005 |
20250711113210.0 |
| 008 |
991008|||||||||###||||||b###|0###a|spa|| |
| 040 |
|
|
|a AR-BaUAD
|c AR-BaUAD
|b spa
|
| 100 |
|
|
|a Huiguinen, Erwan
|
| 245 |
|
|
|a A la rencontre de l'intime /
|c Erwan Huiguinen;
|
| 653 |
|
|
|a CINE
|
| 653 |
|
|
|a FESTIVALES
|
| 653 |
|
|
|a FRANCIA
|
| 653 |
|
|
|a FESTIVAL DU REEL
|
| 653 |
|
|
|a PARIS
|
| 773 |
0 |
|
|t CAHIERS DU CINEMA
|g no. 535 [mayo 1999], p. 20-21
|
| 942 |
|
|
|c ARTI
|
| 952 |
|
|
|0 0
|1 0
|4 0
|7 0
|9 85689
|a AR-BAuAD
|b AR-BAuAD
|d 2025-07-11
|l 0
|p AAQA040770
|r 2025-07-11 11:32:10
|w 2025-07-11
|y ARTI
|
| 990 |
|
|
|a C199
|b TD
|
| 998 |
|
|
|a AAQ
|b BIBUN76
|
| 999 |
|
|
|c 65362
|d 65362
|